000 00583nam a2200193Ia 4500
005 20250923145819.0
008 008 250917s9999 xx 000 0 eng d
037 _aTextual
040 _aDSWL
_beng
_cDSWL
041 _aeng
_2eng
084 _aY:7:7x172, N88
_qDSWL
245 0 _aRajaram mohan Roy and the new learning: (Raja Ram Mohan memorial lectures)
_cEd. by B.P.Barua
260 _aNew Delhi
_b Orient Longman
_c1988
300 _aviii,123p.
365 _aINR
_b110.00
925 _g110.00
942 _cTEXL
_hY:7:7x172, N88
999 _c1456017
_d1456017